| 000 | 00955nam a2200289 a 4500 | ||
|---|---|---|---|
| 001 | BRL_14 | ||
| 005 | 20190320210542.0 | ||
| 008 | 910827s1989 mx-a######---#000-0#spa-# | ||
| 041 | _aspafre | ||
| 044 | _amx | ||
| 050 | 4 |
_aF1391.X5 _b.G66 1989 |
|
| 100 | 1 |
_aGonzález, Manuel _922656 |
|
| 245 | 1 | 0 |
_aUna sierra y su gente _bXico, Veracruz _cfotografía, Manuel González ; textos, Odile Hoffmann, Michel Hoffmann, Bethy Portilla V. |
| 260 |
_aMéxico _bInstituto Veracruzano de Cultura _c1989 |
||
| 300 |
_a56 p. _bil. _c20 cm. |
||
| 440 | 0 |
_aSerie Estudios históricos _922657 |
|
| 500 | _aLa biblioteca cuenta con 2 ejemplares | ||
| 500 | _aEj.1 Au50. Ej.2 Au152 | ||
| 546 | _aTexto en: español y francés | ||
| 651 | 4 |
_aXico (México) _xVida social y costumbres _922658 |
|
| 700 | 1 |
_aHoffmann, Odile _922659 |
|
| 700 | 1 |
_aHoffmann, Michel _922660 |
|
| 700 | 1 |
_aPortilla V., Bethy _922661 |
|
| 740 | 0 | _aXico | |
| 902 | _aGRL | ||
| 942 |
_2lcc _cB |
||
| 999 |
_c8827 _d8827 |
||